| 000 | 00843cam a22002413a 4500 | ||
|---|---|---|---|
| 001 | 8173 | ||
| 003 | PGUSA | ||
| 005 | 20140828083153.0 | ||
| 008 | 050501s2005||||xxu|||||s|||||000 1 eng d | ||
| 040 |
_aPGUSA _beng |
||
| 042 | _adc | ||
| 050 | 4 | _aPQ | |
| 100 | 1 | _aErckmann-Chatrian | |
| 245 | 1 | 0 |
_aContes de la Montagne _h[electronic resource] / _cErckmann-Chatrian |
| 260 |
_bProject Gutenberg, _c2005 |
||
| 505 | 0 | _aUne nuit dans les bois -- Le tisserand de la Steinbach -- Le violon du pendu -- L'héritage de mon oncle Christian -- Hugues-le-loup -- Pourquoi Hunebourg ne fut pas rendu -- Le bouc d'Israël -- Le combat d'ours. | |
| 506 | _aPublic domain in the USA. | ||
| 516 | _aElectronic text | ||
| 653 | _aFrench fiction | ||
| 830 | 0 |
_aProject Gutenberg _v8173 |
|
| 856 | 4 | 0 | _uhttp://www.gutenberg.org/ebooks/8173 |
| 942 | _cEB | ||
| 999 |
_c237473 _d237473 |
||